000 00290nam a22001337a 4500
008 170817b xxu||||| |||| 00| 0 eng d
020 _a9780201528138
041 _aeng
080 _a51
100 _a36
101 _aMAT
245 _aPRECALCULUS MATHEMATICS
_cWAITS.D
942 _2udc
_cBK
999 _c23905
_d23905